| 000 | 00827nam2a22002411 4500 | ||
|---|---|---|---|
| 001 | RU\NLR\INFOCOMM4\1000435181 | ||
| 005 | 20250617054643.0 | ||
| 035 | _a(NLR Aleph) 002498205 | ||
| 090 |
_a2568949 _c2568949 |
||
| 100 | _a20040114d1974 |||y0rusy50 ca | ||
| 101 | 0 | _arus | |
| 102 | _aRU | ||
| 105 | _ay ||||||||| | ||
| 200 | 1 | _aМембраны | |
| 210 |
_d1974 _aБ. м. |
||
| 461 | 0 |
_1001RU\NLR\INFOCOMM4\1000435176 _12001#$aБиофизика живой клетки$fИн-т биол. физики АН СССР$vТ.5 _92568937 _cПущино _d1970- _fИн-т биол. физики АН СССР _tБиофизика живой клетки _x0301-2425 _vТ.5 |
|
| 801 | 1 |
_aRU _bInfoComm _c20040114 |
|
| 801 | 0 |
_aRU _bNLR _gPSBO |
|
| 852 |
_aNLR _jП7/1449 |
||
| 942 | _cISSUE | ||
| 980 | _aNB | ||
| 980 | _aRUSPER | ||